[Event "XLIV Memoriał Szachowy Ludwika Zamenhofa 2025, Grupa B"]
[Site "Bialystok, Poland"]
[Date "2025.12.27"]
[Round "1.1"]
[White "Daniel, Damian"]
[Black "Olejko, Wojciech"]
[Result "0-1"]
[TimeControl "90'+30\""]
[WhiteElo "2150"]
[BlackElo "1853"]

1. d4 {[%clk 01:30:57]} {[%emt 00:00:02]} Nf6 {[%clk 01:30:56]} {[%emt
00:00:04]} 2. c4 {[%clk 01:31:16]} {[%emt 00:00:11]} e6 {[%clk 01:31:21]}
{[%emt 00:00:06]} 3. Nc3 {[%clk 01:31:34]} {[%emt 00:00:11]} d5 {[%clk
01:31:33]} {[%emt 00:00:18]} 4. Bf4 {[%clk 01:31:39]} {[%emt 00:00:25]} a6
{[%clk 01:30:47]} {[%emt 00:01:16]} 5. c5 {[%clk 01:31:51]} {[%emt 00:00:19]}
b6 {[%clk 01:28:20]} {[%emt 00:02:57]} 6. b4 {[%clk 01:32:04]} {[%emt
00:00:16]} Be7 {[%clk 01:25:30]} {[%emt 00:03:20]} 7. e3 {[%clk 01:32:05]}
{[%emt 00:00:30]} O-O {[%clk 01:24:00]} {[%emt 00:02:00]} 8. h3 {[%clk
01:31:15]} {[%emt 00:01:19]} Bb7 {[%clk 01:22:12]} {[%emt 00:02:18]} 9. Nf3
{[%clk 01:30:16]} {[%emt 00:01:30]} Nbd7 {[%clk 01:15:30]} {[%emt 00:07:12]} 10.
Be2 {[%clk 01:24:31]} {[%emt 00:06:14]} Ne4 {[%clk 01:03:34]} {[%emt 00:12:26]}
11. Nxe4 {[%clk 01:12:30]} {[%emt 00:12:31]} dxe4 {[%clk 01:04:01]} {[%emt
00:00:03]} 12. Ne5 {[%clk 01:10:22]} {[%emt 00:02:38]} Bd5 {[%clk 01:01:34]}
{[%emt 00:02:58]} 13. O-O {[%clk 01:09:23]} {[%emt 00:01:29]} Nxe5 {[%clk
00:59:35]} {[%emt 00:02:28]} 14. Bxe5 {[%clk 01:09:39]} {[%emt 00:00:14]} Qd7
{[%clk 00:58:55]} {[%emt 00:01:08]} 15. Qc2 {[%clk 01:05:55]} {[%emt 00:04:16]}
b5 {[%clk 00:53:33]} {[%emt 00:05:53]} 16. a4 {[%clk 01:01:12]} {[%emt
00:05:13]} Rfc8 {[%clk 00:36:07]} {[%emt 00:17:55]} 17. Ra3 {[%clk 00:55:03]}
{[%emt 00:06:40]} Bc6 {[%clk 00:24:47]} {[%emt 00:11:50]} 18. axb5 {[%clk
00:52:57]} {[%emt 00:02:36]} axb5 {[%clk 00:24:55]} {[%emt 00:00:21]} 19. Rfa1
{[%clk 00:52:43]} {[%emt 00:00:43]} Rxa3 {[%clk 00:20:00]} {[%emt 00:05:27]} 20.
Rxa3 {[%clk 00:53:06]} {[%emt 00:00:07]} Ra8 {[%clk 00:19:39]} {[%emt
00:00:41]} 21. Rxa8+ {[%clk 00:40:59]} {[%emt 00:12:46]} Bxa8 {[%clk 00:20:07]}
{[%emt 00:00:03]} 22. Qa2 {[%clk 00:41:18]} {[%emt 00:00:11]} Bd5 {[%clk
00:19:44]} {[%emt 00:00:53]} 23. Qa7 {[%clk 00:39:50]} {[%emt 00:01:58]} Bd8
{[%clk 00:19:27]} {[%emt 00:00:47]} 24. Bg3 {[%clk 00:33:36]} {[%emt 00:06:44]}
f6 {[%clk 00:17:35]} {[%emt 00:02:21]} 25. Bd1 {[%clk 00:24:29]} {[%emt
00:09:37]} Qe7 {[%clk 00:14:04]} {[%emt 00:03:56]} 26. Bc2 {[%clk 00:23:39]}
{[%emt 00:01:25]} c6 {[%clk 00:13:17]} {[%emt 00:01:17]} 27. Qb8 {[%clk
00:23:39]} {[%emt 00:00:30]} g5 {[%clk 00:12:16]} {[%emt 00:01:31]} 28. Bd1
{[%clk 00:22:37]} {[%emt 00:01:32]} Qd7 {[%clk 00:11:21]} {[%emt 00:01:22]} 29.
Bh5 {[%clk 00:20:03]} {[%emt 00:03:07]} Kg7 {[%clk 00:10:07]} {[%emt 00:01:44]}
30. Bd6 {[%clk 00:19:00]} {[%emt 00:01:33]} Bc4 {[%clk 00:08:49]} {[%emt
00:01:46]} 31. Kh2 {[%clk 00:15:05]} {[%emt 00:04:27]} Bd5 {[%clk 00:08:34]}
{[%emt 00:00:45]} 32. Be2 {[%clk 00:14:43]} {[%emt 00:00:52]} Kg6 {[%clk
00:07:43]} {[%emt 00:01:18]} 33. f3 {[%clk 00:12:37]} {[%emt 00:02:39]} f5
{[%clk 00:04:18]} {[%emt 00:03:55]} 34. f4 {[%clk 00:11:31]} {[%emt 00:01:36]}
h6 {[%clk 00:04:17]} {[%emt 00:00:31]} 35. Be5 {[%clk 00:11:03]} {[%emt
00:00:58]} Bb3 {[%clk 00:03:26]} {[%emt 00:01:21]} 36. Qa8 {[%clk 00:07:05]}
{[%emt 00:04:29]} Bd5 {[%clk 00:03:40]} {[%emt 00:00:15]} 37. Qa1 {[%clk
00:06:43]} {[%emt 00:00:53]} Qb7 {[%clk 00:02:19]} {[%emt 00:01:48]} 38. Qd1
{[%clk 00:04:55]} {[%emt 00:02:21]} Qd7 {[%clk 00:02:15]} {[%emt 00:00:29]} 39.
Bh5+ {[%clk 00:05:12]} {[%emt 00:00:17]} Kh7 {[%clk 00:02:36]} {[%emt
00:00:09]} 40. Qa1 {[%clk 00:04:48]} {[%emt 00:00:55]} Qb7 {[%clk 00:02:11]}
{[%emt 00:00:54]} 41. g3 {[%clk 00:03:44]} {[%emt 00:01:35]} Bc4 {[%clk
00:02:13]} {[%emt 00:00:25]} 42. Kg2 {[%clk 00:01:47]} {[%emt 00:02:29]} Bd5
{[%clk 00:01:50]} {[%emt 00:00:54]} 43. Be2 {[%clk 00:02:02]} {[%emt 00:00:15]}
Kg6 {[%clk 00:02:02]} {[%emt 00:00:15]} 44. Kf2 {[%clk 00:02:28]} {[%emt
00:00:06]} Kh7 {[%clk 00:00:47]} {[%emt 00:01:46]} 45. Ke1 {[%clk 00:02:16]}
{[%emt 00:00:42]} Kg6 {[%emt 00:00:19]} 46. Kd2 {[%clk 00:02:28]} {[%emt
00:00:18]} Be7 {[%clk 00:00:55]} {[%emt 00:00:32]} 47. Qa5 {[%clk 00:02:34]}
{[%emt 00:00:24]} Qd7 {[%clk 00:01:04]} {[%emt 00:00:21]} 48. Qa8 {[%clk
00:02:48]} {[%emt 00:00:16]} Bd8 {[%clk 00:01:30]} {[%emt 00:00:05]} 49. Qb8
{[%clk 00:02:56]} {[%emt 00:00:22]} Bb3 {[%clk 00:01:19]} {[%emt 00:00:41]} 50.
g4 {[%clk 00:02:20]} {[%emt 00:01:06]} Bd5 {[%clk 00:01:32]} {[%emt 00:00:17]}
51. Bd6 {[%clk 00:01:37]} {[%emt 00:01:13]} Bb3 {[%clk 00:01:45]} {[%emt
00:00:16]} 52. Qa8 {[%clk 00:01:36]} {[%emt 00:00:31]} Bd5 {[%clk 00:02:02]}
{[%emt 00:00:13]} 53. Kc3 {[%clk 00:02:00]} {[%emt 00:00:07]} Kh7 {[%clk
00:01:59]} {[%emt 00:00:25]} 54. Kd2 {[%clk 00:01:05]} {[%emt 00:01:33]} Kg6
{[%clk 00:02:12]} {[%emt 00:00:15]} 55. Ke1 {[%clk 00:00:50]} {[%emt 00:00:46]}
Bb3 {[%clk 00:02:10]} {[%emt 00:00:33]} 56. Kf2 {[%clk 00:00:57]} {[%emt
00:00:22]} Bd5 {[%clk 00:02:34]} {[%emt 00:00:06]} 57. Kg2 {[%clk 00:00:57]}
{[%emt 00:00:30]} Bb3 {[%clk 00:02:53]} {[%emt 00:00:11]} 58. Kg3 {[%clk
00:01:19]} {[%emt 00:00:08]} Bd5 {[%clk 00:03:12]} {[%emt 00:00:12]} 59. gxf5+
{[%clk 00:00:51]} {[%emt 00:00:58]} exf5 {[%clk 00:03:39]} {[%emt 00:00:03]} 60.
Bxb5 {[%clk 00:00:44]} {[%emt 00:00:37]} gxf4+ {[%clk 00:03:50]} {[%emt
00:00:19]} 61. exf4 {[%clk 00:01:05]} {[%emt 00:00:09]} Kh7 {[%clk 00:03:29]}
{[%emt 00:00:51]} 62. Kf2 {[%clk 00:00:56]} {[%emt 00:00:39]} Bh4+ {[%clk
00:03:49]} {[%emt 00:00:10]} 63. Kf1 {[%clk 00:00:46]} {[%emt 00:00:38]} Qf7
{[%clk 00:02:11]} {[%emt 00:02:10]} 64. Be5 {[%clk 00:00:34]} {[%emt 00:00:42]}
cxb5 {[%clk 00:02:09]} {[%emt 00:00:32]} 65. Qh8+ {[%clk 00:00:42]} {[%emt
00:00:21]} Kg6 {[%clk 00:02:37]} {[%emt 00:00:02]} 66. Ke2 {[%clk 00:00:48]}
{[%emt 00:00:24]} Kh5 {[%clk 00:02:37]} {[%emt 00:00:28]} 67. Ke3 {[%clk
00:00:34]} {[%emt 00:00:47]} Qg6 {[%clk 00:02:52]} {[%emt 00:00:13]} 68. Qg7
{[%clk 00:00:36]} {[%emt 00:00:30]} Qxg7 {[%clk 00:03:02]} {[%emt 00:00:20]} 69.
Bxg7 {[%clk 00:01:04]} Be1 {[%clk 00:03:22]} {[%emt 00:00:10]} 0-1

[Event "XLIV Memoriał Szachowy Ludwika Zamenhofa 2025, Grupa B"]
[Site "Bialystok, Poland"]
[Date "2025.12.27"]
[Round "1.2"]
[White "Jaszczuk, Piotr"]
[Black "Jakubowska, Anna"]
[Result "0-1"]
[TimeControl "90'+30\""]
[WhiteElo "1844"]
[BlackElo "2139"]

1. e4 {[%clk 01:30:58]} {[%emt 00:00:02]} c6 {[%clk 01:30:52]} {[%emt
00:00:09]} 2. d4 {[%clk 01:31:22]} {[%emt 00:00:06]} d5 {[%clk 01:31:17]}
{[%emt 00:00:05]} 3. Nc3 {[%clk 01:31:45]} {[%emt 00:00:06]} dxe4 {[%clk
01:31:35]} {[%emt 00:00:13]} 4. Nxe4 {[%clk 01:32:10]} {[%emt 00:00:06]} Nf6
{[%clk 01:31:40]} {[%emt 00:00:24]} 5. Nxf6+ {[%clk 01:32:32]} {[%emt
00:00:08]} exf6 {[%clk 01:32:05]} {[%emt 00:00:05]} 6. c3 {[%clk 01:32:56]}
{[%emt 00:00:07]} Bd6 {[%clk 01:32:22]} {[%emt 00:00:12]} 7. Bd3 {[%clk
01:33:13]} {[%emt 00:00:13]} O-O {[%clk 01:32:36]} {[%emt 00:00:16]} 8. Ne2
{[%clk 01:33:38]} {[%emt 00:00:05]} Re8 {[%clk 01:32:45]} {[%emt 00:00:21]} 9.
O-O {[%clk 01:33:36]} {[%emt 00:00:31]} Nd7 {[%clk 01:33:00]} {[%emt 00:00:15]}
10. Bf4 {[%clk 01:32:35]} {[%emt 00:01:32]} Nf8 {[%clk 01:25:07]} {[%emt
00:08:23]} 11. Bxd6 {[%clk 01:31:10]} {[%emt 00:01:55]} Qxd6 {[%clk 01:25:32]}
{[%emt 00:00:05]} 12. Qd2 {[%clk 01:28:38]} {[%emt 00:03:02]} Be6 {[%clk
01:23:04]} {[%emt 00:02:58]} 13. Ng3 {[%clk 01:22:53]} {[%emt 00:06:15]} g6
{[%clk 01:18:47]} {[%emt 00:04:47]} 14. Ne4 {[%clk 01:06:49]} {[%emt 00:16:34]}
Qd8 {[%clk 01:19:09]} {[%emt 00:00:08]} 15. Qf4 {[%clk 01:00:37]} {[%emt
00:06:41]} Bf5 {[%clk 01:19:26]} {[%emt 00:00:13]} 16. Rae1 {[%clk 00:54:03]}
{[%emt 00:07:05]} Bxe4 {[%clk 01:14:51]} {[%emt 00:05:05]} 17. Bxe4 {[%clk
00:50:58]} {[%emt 00:03:35]} f5 {[%clk 01:12:04]} {[%emt 00:03:17]} 18. Bc2
{[%clk 00:48:54]} {[%emt 00:02:34]} Qb6 {[%clk 00:59:49]} {[%emt 00:12:45]} 19.
Bb3 {[%clk 00:45:28]} {[%emt 00:03:56]} a5 {[%clk 00:59:25]} {[%emt 00:00:54]}
20. Qd6 {[%clk 00:24:02]} {[%emt 00:21:56]} Qd8 {[%clk 00:54:03]} {[%emt
00:05:52]} 21. Qxd8 {[%clk 00:17:15]} {[%emt 00:07:18]} Raxd8 {[%clk 00:54:16]}
{[%emt 00:00:17]} 22. f3 {[%clk 00:16:06]} {[%emt 00:01:39]} Nd7 {[%clk
00:51:11]} {[%emt 00:03:35]} 23. g4 {[%clk 00:12:14]} {[%emt 00:04:22]} f4
{[%clk 00:45:15]} {[%emt 00:06:26]} 24. Re4 {[%clk 00:09:41]} {[%emt 00:03:03]}
Rxe4 {[%clk 00:39:16]} {[%emt 00:06:29]} 25. fxe4 {[%clk 00:10:05]} {[%emt
00:00:05]} g5 {[%clk 00:39:44]} {[%emt 00:00:03]} 26. h4 {[%clk 00:08:57]}
{[%emt 00:01:38]} h6 {[%clk 00:39:25]} {[%emt 00:00:49]} 27. Kg2 {[%clk
00:09:01]} {[%emt 00:00:26]} Kg7 {[%clk 00:36:45]} {[%emt 00:03:09]} 28. Kf3
{[%clk 00:07:11]} {[%emt 00:02:20]} b5 {[%clk 00:33:56]} {[%emt 00:03:19]} 29.
Rh1 {[%clk 00:05:39]} {[%emt 00:02:02]} c5 {[%clk 00:27:42]} {[%emt 00:06:44]}
30. hxg5 {[%clk 00:04:34]} {[%emt 00:01:36]} hxg5 {[%clk 00:28:06]} {[%emt
00:00:06]} 31. Rh5 {[%clk 00:04:57]} {[%emt 00:00:07]} f6 {[%clk 00:26:04]}
{[%emt 00:02:31]} 32. e5 {[%clk 00:05:06]} {[%emt 00:00:21]} cxd4 {[%clk
00:16:09]} {[%emt 00:10:25]} 33. cxd4 {[%clk 00:04:40]} {[%emt 00:00:56]} a4
{[%clk 00:13:19]} {[%emt 00:03:20]} 34. Bc2 {[%clk 00:03:55]} {[%emt 00:01:15]}
Nf8 {[%clk 00:13:46]} {[%emt 00:00:03]} 35. exf6+ {[%clk 00:02:32]} {[%emt
00:01:53]} Kxf6 {[%clk 00:13:22]} {[%emt 00:00:54]} 36. Rh6+ {[%clk 00:02:56]}
{[%emt 00:00:07]} Ke7 {[%clk 00:10:33]} {[%emt 00:03:19]} 37. Rb6 {[%clk
00:03:14]} {[%emt 00:00:11]} Ne6 {[%clk 00:10:57]} {[%emt 00:00:06]} 38. Bd3
{[%clk 00:02:13]} {[%emt 00:01:32]} Nxd4+ {[%clk 00:05:02]} {[%emt 00:06:25]}
39. Ke4 {[%clk 00:02:15]} {[%emt 00:00:28]} Ne6 {[%clk 00:03:43]} {[%emt
00:01:49]} 40. Bxb5 {[%clk 00:02:15]} {[%emt 00:00:31]} Kf6 {[%clk 00:03:17]}
{[%emt 00:00:55]} 41. b3 {[%clk 00:01:52]} {[%emt 00:00:53]} Rd4+ {[%clk
00:03:22]} {[%emt 00:00:25]} 42. Kf3 {[%clk 00:01:41]} {[%emt 00:00:41]} axb3
{[%clk 00:03:47]} {[%emt 00:00:05]} 43. axb3 {[%clk 00:01:44]} {[%emt
00:00:27]} Rb4 {[%clk 00:02:32]} {[%emt 00:01:45]} 44. Kf2 {[%clk 00:02:06]}
{[%emt 00:00:08]} Ke5 {[%clk 00:01:47]} {[%emt 00:01:15]} 45. Rb7 {[%clk
00:01:25]} {[%emt 00:01:12]} Rxb3 {[%clk 00:00:44]} {[%emt 00:01:32]} 46. Bc6
{[%clk 00:01:49]} {[%emt 00:00:06]} Rxb7 {[%clk 00:00:55]} {[%emt 00:00:19]} 47.
Bxb7 {[%clk 00:02:01]} {[%emt 00:00:18]} Nc5 {[%clk 00:00:59]} {[%emt
00:00:26]} 48. Bc8 {[%clk 00:01:44]} {[%emt 00:00:46]} Ke4 {[%clk 00:00:55]}
{[%emt 00:00:34]} 49. Bf5+ {[%clk 00:02:06]} {[%emt 00:00:08]} Kd4 {[%clk
00:01:22]} {[%emt 00:00:03]} 50. Kf3 {[%clk 00:02:16]} {[%emt 00:00:21]} Nb3
{[%clk 00:01:40]} {[%emt 00:00:12]} 51. Ke2 {[%clk 00:01:02]} {[%emt 00:01:44]}
Nc1+ {[%clk 00:02:02]} {[%emt 00:00:08]} 52. Kf3 {[%clk 00:01:26]} {[%emt
00:00:06]} Nd3 {[%clk 00:02:20]} {[%emt 00:00:12]} 53. Ke2 {[%clk 00:01:40]}
{[%emt 00:00:16]} Ne5 {[%clk 00:02:35]} {[%emt 00:00:15]} 54. Kf2 {[%clk
00:02:02]} {[%emt 00:00:08]} Kc3 {[%clk 00:02:31]} {[%emt 00:00:33]} 55. Ke2
{[%clk 00:02:06]} {[%emt 00:00:26]} Nc6 {[%clk 00:02:48]} {[%emt 00:00:13]} 56.
Be4 {[%clk 00:01:24]} {[%emt 00:01:12]} Nd4+ {[%clk 00:03:10]} {[%emt
00:00:08]} 57. Kf2 {[%clk 00:01:46]} {[%emt 00:00:08]} Kd2 {[%clk 00:03:34]}
{[%emt 00:00:07]} 58. Bb7 {[%clk 00:01:33]} {[%emt 00:00:43]} Nb5 {[%clk
00:03:31]} {[%emt 00:00:32]} 59. Ba6 {[%clk 00:01:16]} {[%emt 00:00:48]} Nc3
{[%clk 00:03:46]} {[%emt 00:00:15]} 60. Bb7 {[%clk 00:01:13]} {[%emt 00:00:34]}
Nd1 {[%clk 00:03:57]} {[%emt 00:00:19]} 61. Kf3 {[%clk 00:01:09]} {[%emt
00:00:33]} Ne3 {[%clk 00:01:55]} {[%emt 00:02:31]} 62. Ba6 {[%clk 00:01:27]}
{[%emt 00:00:13]} Ke1 {[%clk 00:02:04]} {[%emt 00:00:21]} 63. Bb5 {[%clk
00:01:36]} {[%emt 00:00:20]} Nf1 {[%clk 00:01:17]} {[%emt 00:01:17]} 64. Ke4
{[%clk 00:01:09]} {[%emt 00:00:58]} Ng3+ {[%clk 00:01:10]} {[%emt 00:00:38]} 65.
Kf3 {[%clk 00:01:32]} {[%emt 00:00:06]} Nf1 {[%clk 00:01:27]} {[%emt 00:00:13]}
66. Ke4 {[%clk 00:01:58]} {[%emt 00:00:04]} Ne3 {[%clk 00:00:55]} {[%emt
00:01:02]} 67. Kf3 {[%clk 00:02:22]} {[%emt 00:00:06]} Nc2 {[%clk 00:01:22]}
{[%emt 00:00:03]} 68. Ba6 {[%clk 00:02:15]} {[%emt 00:00:37]} Nb4 {[%clk
00:01:41]} {[%emt 00:00:12]} 69. Bb5 {[%clk 00:01:58]} {[%emt 00:00:46]} Nd5
{[%clk 00:01:57]} {[%emt 00:00:14]} 70. Ba6 {[%clk 00:02:09]} {[%emt 00:00:19]}
Nc3 {[%clk 00:02:23]} {[%emt 00:00:04]} 71. Bc4 {[%clk 00:02:12]} {[%emt
00:00:27]} Nb1 {[%clk 00:02:47]} {[%emt 00:00:07]} 72. Bd3 {[%clk 00:01:46]}
{[%emt 00:00:55]} Nd2+ {[%clk 00:03:12]} {[%emt 00:00:05]} 73. Kg2 {[%clk
00:01:57]} {[%emt 00:00:19]} f3+ {[%clk 00:03:33]} {[%emt 00:00:09]} 74. Kg3
{[%clk 00:02:16]} {[%emt 00:00:11]} f2 {[%clk 00:03:38]} {[%emt 00:00:25]} 75.
Kg2 {[%clk 00:02:41]} {[%emt 00:00:05]} f1=Q+ {[%clk 00:02:56]} {[%emt
00:01:12]} 76. Bxf1 {[%clk 00:03:06]} {[%emt 00:00:05]} Nxf1 {[%clk 00:03:24]}
{[%emt 00:00:02]} 77. Kf3 {[%clk 00:03:22]} {[%emt 00:00:14]} Kd2 {[%clk
00:03:36]} {[%emt 00:00:17]} 78. Ke4 {[%clk 00:03:39]} {[%emt 00:00:13]} Nh2
{[%clk 00:04:01]} {[%emt 00:00:05]} 79. Kf5 {[%clk 00:03:58]} {[%emt 00:00:12]}
Nf3 {[%clk 00:04:27]} {[%emt 00:00:04]} 0-1

[Event "XLIV Memoriał Szachowy Ludwika Zamenhofa 2025, Grupa B"]
[Site "Bialystok, Poland"]
[Date "2025.12.27"]
[Round "1.3"]
[White "Medvedyk, Volodymyr"]
[Black "Serradell Munoz, Silvia"]
[Result "1-0"]
[TimeControl "90'+30\""]
[WhiteElo "2138"]
[BlackElo "1841"]

1. Nf3 {[%clk 01:30:55]} {[%emt 00:00:04]} Nf6 {[%clk 01:30:30]} {[%emt
00:00:30]} 2. c4 {[%clk 01:31:10]} {[%emt 00:00:16]} e6 {[%clk 01:30:28]}
{[%emt 00:00:32]} 3. g3 {[%clk 01:31:31]} {[%emt 00:00:08]} d5 {[%clk
01:29:23]} {[%emt 00:01:35]} 4. Bg2 {[%clk 01:31:54]} {[%emt 00:00:07]} c5
{[%clk 01:28:59]} {[%emt 00:00:54]} 5. cxd5 {[%clk 01:31:39]} {[%emt 00:00:44]}
exd5 {[%clk 01:29:06]} {[%emt 00:00:23]} 6. d4 {[%clk 01:31:30]} {[%emt
00:00:40]} Nc6 {[%clk 01:22:48]} {[%emt 00:06:48]} 7. O-O {[%clk 01:31:28]}
{[%emt 00:00:31]} Be7 {[%clk 01:14:28]} {[%emt 00:08:51]} 8. Nc3 {[%clk
01:31:08]} {[%emt 00:00:51]} O-O {[%clk 01:13:26]} {[%emt 00:01:31]} 9. b3
{[%clk 01:31:03]} {[%emt 00:00:36]} h6 {[%clk 01:09:40]} {[%emt 00:04:15]} 10.
Bb2 {[%clk 01:29:42]} {[%emt 00:01:50]} Be6 {[%clk 01:08:00]} {[%emt 00:02:10]}
11. Rc1 {[%clk 01:29:30]} {[%emt 00:00:43]} Rc8 {[%clk 01:01:59]} {[%emt
00:06:31]} 12. e3 {[%clk 01:21:44]} {[%emt 00:08:16]} b6 {[%clk 00:50:38]}
{[%emt 00:11:51]} 13. Ne5 {[%clk 01:16:59]} {[%emt 00:05:15]} Re8 {[%clk
00:42:03]} {[%emt 00:09:04]} 14. Qd2 {[%clk 01:00:16]} {[%emt 00:17:14]} cxd4
{[%clk 00:36:27]} {[%emt 00:06:07]} 15. Nxc6 {[%clk 01:00:02]} {[%emt
00:00:43]} Rxc6 {[%clk 00:33:44]} {[%emt 00:03:13]} 16. Qxd4 {[%clk 00:59:15]}
{[%emt 00:01:17]} Bc5 {[%clk 00:33:37]} {[%emt 00:00:37]} 17. Qa4 {[%clk
00:44:06]} {[%emt 00:15:39]} Rc8 {[%clk 00:32:12]} {[%emt 00:01:55]} 18. Rcd1
{[%clk 00:35:31]} {[%emt 00:09:05]} Re7 {[%clk 00:31:08]} {[%emt 00:01:34]} 19.
b4 {[%clk 00:28:38]} {[%emt 00:07:23]} Bd6 {[%clk 00:29:57]} {[%emt 00:01:41]}
20. Nxd5 {[%clk 00:28:41]} {[%emt 00:00:27]} Nxd5 {[%clk 00:29:14]} {[%emt
00:01:13]} 21. Bxd5 {[%clk 00:29:01]} {[%emt 00:00:10]} Bxd5 {[%clk 00:27:57]}
{[%emt 00:01:46]} 22. Rxd5 {[%clk 00:29:30]} {[%emt 00:00:02]} Re6 {[%clk
00:27:21]} {[%emt 00:01:06]} 23. a3 {[%clk 00:22:47]} {[%emt 00:07:13]} Qe7
{[%clk 00:25:18]} {[%emt 00:02:33]} 24. Rfd1 {[%clk 00:20:43]} {[%emt
00:02:33]} Rxe3 {[%clk 00:09:44]} {[%emt 00:16:06]} 25. Rxd6 {[%clk 00:07:35]}
{[%emt 00:13:37]} Re1+ {[%clk 00:09:57]} {[%emt 00:00:17]} 26. Rxe1 {[%clk
00:08:01]} {[%emt 00:00:04]} Qxe1+ {[%clk 00:10:23]} {[%emt 00:00:04]} 27. Kg2
{[%clk 00:08:30]} Qe4+ {[%clk 00:10:44]} {[%emt 00:00:09]} 28. Kf1 {[%clk
00:07:48]} {[%emt 00:01:13]} Qb1+ {[%clk 00:08:54]} {[%emt 00:02:19]} 29. Rd1
{[%clk 00:07:41]} {[%emt 00:00:38]} Qxb2 {[%clk 00:09:20]} {[%emt 00:00:05]} 30.
Qxa7 {[%clk 00:07:51]} {[%emt 00:00:20]} Qc2 {[%clk 00:08:47]} {[%emt
00:01:01]} 31. Qd7 {[%clk 00:07:08]} {[%emt 00:01:13]} Ra8 {[%clk 00:07:52]}
{[%emt 00:01:26]} 32. Qd3 {[%clk 00:05:55]} {[%emt 00:01:44]} Qc6 {[%clk
00:07:32]} {[%emt 00:00:49]} 33. Kg1 {[%clk 00:04:16]} {[%emt 00:02:09]} Qa4
{[%clk 00:07:39]} {[%emt 00:00:23]} 34. Re1 {[%clk 00:03:45]} {[%emt 00:01:01]}
Qc6 {[%clk 00:05:32]} {[%emt 00:02:37]} 35. h3 {[%clk 00:01:08]} {[%emt
00:03:07]} Qc7 {[%clk 00:05:03]} {[%emt 00:00:59]} 36. Re3 {[%clk 00:00:40]}
{[%emt 00:00:58]} Rd8 {[%clk 00:04:50]} {[%emt 00:00:42]} 37. Qe2 {[%clk
00:00:34]} {[%emt 00:00:37]} Qc6 {[%clk 00:04:16]} {[%emt 00:01:04]} 38. Kh2
{[%clk 00:00:41]} {[%emt 00:00:23]} Qf6 {[%clk 00:01:49]} {[%emt 00:02:57]} 39.
Rf3 {[%clk 00:00:32]} {[%emt 00:00:40]} Qg6 {[%clk 00:01:43]} {[%emt 00:00:36]}
40. Qe7 {[%clk 00:00:38]} {[%emt 00:00:23]} Rf8 {[%clk 00:01:44]} {[%emt
00:00:29]} 41. Qb7 {[%clk 00:00:32]} {[%emt 00:00:36]} Re8 {[%clk 00:00:55]}
{[%emt 00:01:19]} 42. Kg2 {[%clk 00:00:32]} {[%emt 00:00:30]} 1-0

[Event "XLIV Memoriał Szachowy Ludwika Zamenhofa 2025, Grupa B"]
[Site "Bialystok, Poland"]
[Date "2025.12.27"]
[Round "1.4"]
[White "Wnorowski, Wiktor"]
[Black "Endeladze, Ramaz"]
[Result "1/2-1/2"]
[TimeControl "90'+30\""]
[WhiteElo "1838"]
[BlackElo "2133"]

1. d4 {[%clk 01:30:57]} {[%emt 00:00:02]} Nf6 {[%clk 01:30:59]} {[%emt
00:00:02]} 2. c4 {[%clk 01:31:18]} {[%emt 00:00:10]} g6 {[%clk 01:31:27]}
{[%emt 00:00:01]} 3. Nc3 {[%clk 01:31:38]} {[%emt 00:00:10]} Bg7 {[%clk
01:31:56]} {[%emt 00:00:02]} 4. e4 {[%clk 01:31:57]} {[%emt 00:00:10]} d6
{[%clk 01:32:25]} {[%emt 00:00:01]} 5. Be2 {[%clk 01:32:17]} {[%emt 00:00:10]}
O-O {[%clk 01:32:53]} {[%emt 00:00:02]} 6. Be3 {[%clk 01:32:41]} {[%emt
00:00:06]} Nbd7 {[%clk 01:31:14]} {[%emt 00:02:10]} 7. h3 {[%clk 01:32:49]}
{[%emt 00:00:21]} c5 {[%clk 01:31:33]} {[%emt 00:00:11]} 8. d5 {[%clk
01:33:13]} {[%emt 00:00:06]} Qa5 {[%clk 01:30:56]} {[%emt 00:01:08]} 9. Qd2
{[%clk 01:32:04]} {[%emt 00:01:38]} a6 {[%clk 01:31:08]} {[%emt 00:00:18]} 10.
Nf3 {[%clk 01:28:57]} {[%emt 00:03:36]} b5 {[%clk 01:31:11]} {[%emt 00:00:28]}
11. Nd1 {[%clk 01:22:10]} {[%emt 00:07:16]} Qc7 {[%clk 01:19:05]} {[%emt
00:12:37]} 12. Qc2 {[%clk 01:19:59]} {[%emt 00:02:42]} bxc4 {[%clk 01:18:35]}
{[%emt 00:01:00]} 13. Bxc4 {[%clk 01:19:18]} {[%emt 00:01:10]} Nb6 {[%clk
01:14:44]} {[%emt 00:04:21]} 14. Nd2 {[%clk 01:13:48]} {[%emt 00:06:00]} Nxc4
{[%clk 01:14:16]} {[%emt 00:00:58]} 15. Nxc4 {[%clk 01:13:15]} {[%emt
00:01:03]} e6 {[%clk 01:12:14]} {[%emt 00:02:32]} 16. Bf4 {[%clk 01:09:04]}
{[%emt 00:04:41]} Rd8 {[%clk 01:10:01]} {[%emt 00:02:42]} 17. Nde3 {[%clk
01:08:05]} {[%emt 00:01:30]} e5 {[%clk 01:06:06]} {[%emt 00:04:26]} 18. Bg5
{[%clk 01:04:54]} {[%emt 00:03:40]} h6 {[%clk 01:05:47]} {[%emt 00:00:49]} 19.
Bxf6 {[%clk 01:04:52]} {[%emt 00:00:32]} Bxf6 {[%clk 01:06:15]} {[%emt
00:00:02]} 20. O-O {[%clk 01:04:52]} {[%emt 00:00:30]} Bg7 {[%clk 01:06:41]}
{[%emt 00:00:04]} 21. a4 {[%clk 01:01:56]} {[%emt 00:03:26]} Rb8 {[%clk
01:06:06]} {[%emt 00:01:05]} 22. a5 {[%clk 00:59:26]} {[%emt 00:02:59]} Rf8
{[%clk 00:57:53]} {[%emt 00:08:44]} 1/2-1/2